| 000 | 00924cam a22002654a 4500 | ||
|---|---|---|---|
| 001 | e 10001479 | ||
| 003 | DLC | ||
| 005 | 20260227111153.0 | ||
| 008 | 990529s1855 it 000 0 ita | ||
| 010 | _ae 10001479 | ||
| 040 |
_aDLC _cDLC |
||
| 042 | _apcc | ||
| 043 | _ae-it--- | ||
| 050 | 0 | 0 |
_aLC2122 _b.F72 1855 |
| 100 | 1 |
_aFranceschi Ferrucci, Caterina, _d1803-1887. |
|
| 245 | 1 | 0 |
_aDella educazione morale della donna italiana : _blibri tre / _cdi Caterina Franceschi Ferrucci. |
| 246 | 1 | 8 | _aEducazione morale |
| 250 |
_a2. ed. / _briv. e corr. dallà•utrice. |
||
| 260 |
_aTorino : _bUnione tipografico-editrice, _c1855. |
||
| 300 |
_a3 v. in 1 (xi, 325 p.) ; _c17 cm. |
||
| 490 | 1 | _aNuova biblioteca popolare. Classe XIII, Didattica | |
| 650 | 0 |
_aWomen _xEducation _zItaly. |
|
| 650 | 0 |
_aMoral education _zItaly. |
|
| 830 | 0 |
_aNuova biblioteca popolare (Unione tipografico-editrice). _nClasse XIII, _pDidattica. |
|
| 999 |
_c19032 _d19032 |
||